00763nam a22002537a 45000010005000000030006000050050017000110080041000280200018000690400029000870500015001160820011001311000020001422450070001622600036002323000043002685050008003115200068003195210021003875210020004086500027004286500020004557000034004755464FISKH20250131121204.0241209b cb ||||| |||| 00| 0 eng d a9780439328715 aFISKHbengcFISKHdFISKH aPS3551.D22 a813.54 aAda, Alma Flor  aUnder the Royal Palms :bA childhood in Cuba / cby Alma Flor Ada aNew York : bScholastic,c1998. a85 pages : billustrations ;c24 cm .  aZ  aThe author recalls her life and impressions growing up in Cuba.8 a1070 bLexile 8 aZ bRaz-Plus  aautobiographyvFiction amemoirvFiction aBarnett, NinaeBook designer